000
002610000a22000970004500
100
1
_a
Jorgensen, Knud
245
1
0
_a
Christian communication : Remote control or incaration?
300
_a
Núm 76 (1996), Páginas 4-7
773
0
_t
World Evangelization
942
_c
ANA
999
_c
57519
_d
57519